Loreto College Library, Kolkata
WEBOPAC (ONLINE PUBLIC ACCESS CATALOGUE)

The technology takers (Record no. 43449)

MARC details
000 -LEADER
fixed length control field 00331nam a22001337a 4500
005 - DATE AND TIME OF LATEST TRANSACTION
control field 20230816085202.0
008 - FIXED-LENGTH DATA ELEMENTS--GENERAL INFORMATION
fixed length control field 230816b |||||||| |||| 00| 0 eng d
040 ## - CATALOGING SOURCE
Original cataloging agency Loreto college
041 ## - LANGUAGE CODE
Language code English
082 ## - DDC | ডিউই
Classification number | বর্গসংখ্যা 004
Book Number | গ্রন্থাঙ্ক FLA
245 ## - TITLE STATEMENT | অাখ্যা বিবরণী
Title | অাখ্যা The technology takers
Sub title | উপঅাখ্যা leading change in the digital era
850 ## - HOLDING INSTITUTION
Holding institution LCLIB
942 ## - ADDED ENTRY ELEMENTS (KOHA)
Koha item type Books
Holdings
Withdrawn status Lost status Source of classification Damaged status Not for loan Home library Current library Date acquired Total Checkouts Full call number Accession No. Date last seen Price effective from Koha item type Coded location qualifier
    Dewey Decimal Classification     Loreto College Loreto College 16/08/2023   004 FLA 53573 47573 16/08/2023 16/08/2023 Books